zpět

Detail výsledku týmu

Chicago Bar & Grill ÚT, Liberec

Datum a čas kvízu

25.5 Celkem bodů Celkový počet nahraných bodů na tomto kvízu bez doplňovacích otázek.
9. Pořadí na kvízu Konečné umístění týmu na tomto kvízu.

Zaznamenané odpovědi

# Otázka Odpověď Body Výsledky
1. V pátek se dostala do prodeje... vlky 0
2. Jak se jmenuje politik, který... David Cameron 0
3. V indické nemocnici ve městě B... hrál na hudební nástroj (na klavír) 1
4. Největší slovenské knihkupectv... Martinus 0
5. Do kterého amerického města s... do Las Vegas 1
6. Na začátek tématu a otázky si... třetím 1
7. Rozlohou druhé největší africk... Tanganika 0
8. Novinář Tomáš Poláček se před... 1B 2D 3A 4C 0
9. Jak se jmenuje město na úpatí... Kapské město (Cape Town) 1
10. Afrika se trhá, od zbytku se o... C 1